Ручная дуговая сварка: учебник

Chi tiết về thư mục
Tác giả chính: Лупачев В. Г. Вячеслав Григорьевич
Tóm tắt:Изложены технология и техника ручной дуговой сварки, наплавки и резки углеродистых и легированных сталей, чугунов, цветных металлов и их сплавов. Рассмотрены физические основы дуговой сварки и металлургические процессы в сварочной ванне. Показаны типы сварных соединений и дана классификация швов. Рассмотрены причины образования дефектов при сварке. Приведены сведения по организации рабочего места и технике безопасности. Предназначен учащимся профессионально-технических учебных заведений, рабочим при профессиональном обучении на производстве, сварщикам при подготовке и аттестации к сертификации.
Ngôn ngữ:Tiếng Nga
Được phát hành: Минск, Вышэйшая школа, 2006
Loạt:ПрофТЕХ
Những chủ đề:
Định dạng: MixedMaterials Sách
KOHA link:https://koha.lib.tpu.ru/cgi-bin/koha/opac-detail.pl?biblionumber=110311

MARC

LEADER 00000nam0a2200000 4500
001 110311
005 20231101214928.0
010 |a 9850611898 
035 |a (RuTPU)RU\TPU\book\119127 
090 |a 110311 
100 |a 20070221d2006 m y0rusy50 ca 
101 0 |a rus 
102 |a BY 
105 |a a j 001zy 
200 1 |a Ручная дуговая сварка  |e учебник  |f В. Г. Лупачев 
210 |a Минск  |c Вышэйшая школа  |d 2006 
215 |a 416 с.  |c ил. 
225 1 |a ПрофТЕХ 
320 |a Библиогр.: с. 412. 
330 |a Изложены технология и техника ручной дуговой сварки, наплавки и резки углеродистых и легированных сталей, чугунов, цветных металлов и их сплавов. Рассмотрены физические основы дуговой сварки и металлургические процессы в сварочной ванне. Показаны типы сварных соединений и дана классификация швов. Рассмотрены причины образования дефектов при сварке. Приведены сведения по организации рабочего места и технике безопасности. Предназначен учащимся профессионально-технических учебных заведений, рабочим при профессиональном обучении на производстве, сварщикам при подготовке и аттестации к сертификации. 
451 1 |0 (RuTPU)RU\TPU\book\152390  |y 978-985-06-1444-5  |t Ручная дуговая сварка  |o учебник  |f В. Г. Лупачев  |e 2-е изд.  |c Минск  |n Вышэйшая школа  |d 2007  |p 416 с.  |s ПрофТЕХ  |a Лупачев, Вячеслав Григорьевич 
606 1 |a Электросварка дуговая, ручная  |2 stltpush  |3 (RuTPU)RU\TPU\subj\20797  |9 45874 
610 1 |a дуговая сварка 
610 1 |a сварочные посты 
610 1 |a сварные соединения 
610 1 |a сварные швы 
610 1 |a электроды 
610 1 |a сварочная дуга 
610 1 |a металлургические процессы 
610 1 |a напряжения 
610 1 |a деформации 
610 1 |a углеродные стали 
610 1 |a легированные стали 
610 1 |a чугун 
610 1 |a цветные металлы 
610 1 |a сплавы цветных металлов 
610 1 |a питание 
610 1 |a высокопроизводительные способы 
610 1 |a ручная дуговая наплавка 
610 1 |a ручная дуговая резка 
610 1 |a материалы 
610 1 |a металлические конструкции 
610 1 |a дефекты 
610 1 |a качество 
610 1 |a контроль 
610 1 |a механизация 
610 1 |a автоматизация 
610 1 |a безопасность 
610 1 |a учебники 
610 1 |a источники 
675 |a 621.791.75(075.32)  |v 3 
700 1 |a Лупачев  |b В. Г.  |g Вячеслав Григорьевич 
801 1 |a RU  |b 63413507  |c 20070221  |g PSBO 
801 2 |a RU  |b 63413507  |c 20210601  |g PSBO 
942 |c BK 
959 |a 21/20070221  |d 2  |e 209,00  |f ЧЗТЛ:2